| 000 | 01005nam a2200301Ia 4500 | ||
|---|---|---|---|
| 001 | Para_7090 | ||
| 003 | CHAP | ||
| 008 | 220125s1990 xx 000 0 und d | ||
| 010 | _a203711 | ||
| 040 | _cCHAP | ||
| 082 | _aPA 633.73 K7 | ||
| 100 |
_aKraemer Bayer, Gabriela _963837 |
||
| 245 |
_aLos productores de café en Zihuateutla, Pue. : _b origen, entorno y perspectivas / _c por Gabriela Kraemer Bayer y Luis Alberto Solórzano Toscano |
||
| 260 |
_aChapingo, Méx. : _b UACh. Departamento de Sociología Rural |
||
| 300 | _a262 p. | ||
| 440 |
_aCuadernos universitarios. Serie ciencias sociales; 8 _9169581 |
||
| 650 |
_aCafé _x Puebla _9169582 |
||
| 650 |
_aCafeticultores _917080 |
||
| 700 |
_aSolórzano Toscano, Luis Alberto _9108502 |
||
| 710 | _aUACh. Departamento de Sociología Rural | ||
| 901 | _aPA 633.73 K7 | ||
| 902 | _aA | ||
| 905 | _a0000001990 a 0000000000 00 | ||
| 910 | _a1990 | ||
| 942 | _cPARA | ||
| 942 |
_cPARA _d1 |
||
| 999 |
_c203711 _d203711 |
||